000 01140nam a2200289 a 4500
001 BRCA_4195
005 20190320204559.0
008 240510s1992----u--a######---#000-0#eng-#
020 _a187861018X
041 _aeng
044 _au
050 4 _aN7910
_b.F73 1992
100 1 _aFrank, Larry
_910817
245 1 0 _aNew Kingdom of the Saints
_bReligious Art of New Mexico 1780-1907
_cby Larry Frank ; photography by Nancy Hunter Warren and Michael O´Shaughnessy ; foreword by Thomas J. Steele.
260 _aNuevo México
_bRed Crane Books
_c1992
300 _a319 p.
_bil. (algunas a color)
_c31 cm.
500 _aIncluye lista anotada de los santos y de términos religiosos e índice alfabético
504 _aBibliografía: p. [312]-314
650 1 4 _aSantos (Arte)
_zNuevo México
_910818
650 1 4 _aArte hispanoamericano
_zNuevo México
_910819
650 1 4 _aArte popular
_zNuevo México
_910820
650 1 4 _aArte cristiano y simbolismo
_yÉpoca moderna 1500
_zNuevo México
_910821
700 1 _aHunter Warren, Nancy
_910822
700 1 _aO´Shaughnessy, Michael
_910823
700 1 _aSteele, Thomas J.
_910824
942 _2lcc
_cB
999 _c3911
_d3911